Tilastot visalle Lähi-idän liput

Klikkaa tästä pelataksesi tätä visaa!

Yleistilastot

  • Tätä visaa on pelattu 110 kertaa
  • Keskiarvotulos 14 / 16

Vastaustilastot

Vastaus% Oikein
Turkki
99%
Israel
99%
Saudi-Arabia
97%
Libanon
96%
Egypti
95%
Iran
95%
Kypros
95%
Qatar
91%
Bahrain
89%
Irak
89%
Syyria
84%
Jemen
82%
Jordania
80%
Kuwait
76%
Yhdistyneet arabiemiirikunnat
74%
Oman
74%

Tulosjakauma

Persentiili vastausten määrän mukaan

Jokaisen tuloksen saaneiden osuus

Tuloshistoriasi

Et ole pelannut tätä visaa